| 000 | 00379 a2200157 4500 | ||
|---|---|---|---|
| 001 | 193019 | ||
| 020 | _a978-85-418-0484-4 | ||
| 040 | _cMagnum | ||
| 100 | _aTwain, Mark | ||
| 240 | 1 | 0 |
_aAs aventuras de Huckleberry Finn _lpor |
| 245 | 1 | 0 | _aAs aventuras de Huckleberry Finn |
| 300 | _a127 | ||
| 362 | 0 | _a2014 | |
| 697 | _aLITERATURA INFANTO-JUVENIL ESTRANGEIRA | ||
| 942 | _cBK | ||
| 999 |
_c193019 _d193019 |
||